| 000 | 00362nam a2200145Ia 4500 | ||
|---|---|---|---|
| 008 | 240624s9999 xx 000 0 und d | ||
| 041 | _aeng | ||
| 082 | _a657 BAL | ||
| 100 | _aBALAKRISHNAN RAMJI | ||
| 245 | _aMANAGERIAL ACCOUNTING | ||
| 250 | _a(2nd ed.) | ||
| 260 |
_c2016 _aNew Delhi _bWiley |
||
| 300 | _axxviii, , 692 , 28 , p. : cm. | ||
| 365 |
_cRS _b27.5 |
||
| 999 |
_c30213 _d30213 |
||